000 003890000a22001450004500
005 20120302064612.0
942 _cBOOK
100 _a Kher,Va.Ja.
245 _a Shree Eknathi Bhagvat ( Sulabha Swadhyayanuvad)
260 _aPune: SantaKrupa Prakashan , 1983.
300 _a150 p.
040 _amar
365 _bRs.15/-
650 _aSanta sahitya / Eknathi Bhagavat / Bhaktiche mahatva.
999 _c362577
_d362574